00681nam a2200193Ia 4500008004100000020001800041082001500059100001800074245008200092250000800174260005300182300002900235500001900264600003300283650001400316942000700330952013300337999001700470240925s9999 xx 000 0 und d a9788122438116 a001.42 AGA aAgarwal, B.L. 0aComprehensive Research Methodology: (focused on marketing & applied research) a1st aIndia:bNew Age International Publishersc,2015. axiv, 173p.bNAfOriginal aIncludes Index aHumanities & Natural Science aGeneralia cBK 001040708HUMaUITUbUITUd2019-01-20eAllied Book Companyg811.20l0o001.42 AGApQ13800r2024-09-25 07:16:59w2024-09-25yBK c16299d16299